Obálka Náhled e-knihy:
PDF Epub
Pro půjčování e-knih musíte být přihlášeni.
Jak si půjčit online?

Bohové Olympu. Znamení Athény /

Chystá se velké setkání řeckých a římských polobohů. Posádka z Tábora polokrevných vyráží po moři na bitevním korábu Argo do Tábora Jupiter. Jejich plány však narušuje proroctví sedmi, které se začíná naplňovat. Skupina hrdinů se proto musí vydat do rodiště antických bohů, krajiny Mare Nostrum. Poda...

Celý popis

Uloženo v:
Série:Bohové Olympu, část 3
Hlavní autor: Riordan, Rick, 1964- (Autor)
Médium: E-kniha
Jazyk:Czech
Vydáno: Praha : Fragment, 2013
Vydání:1. vyd.
Témata:
Příbuzné jednotky:Přeloženo z: Mark of Athena
Z cyklu:: Bohové Olympu
Tagy:
Žádné tagy
LEADER 02654nam a2200469 a 4500
001 306054
003 CZ PrSKC
005 20260601215544.0
007 ta
008 130403s2013 xr d 000 f cze
015 |a cnb002454454 
020 |a 9788025316948  |q (váz.) 
035 |a (OCoLC)842346409 
040 |a OLA001  |b cze  |d ABA001 
041 1 |a cze  |h eng 
072 7 |a 821.111(73)-3  |x Americká próza  |2 Konspekt 
072 7 |a 821-93  |x Literatura pro děti a mládež (beletrie)  |2 Konspekt 
080 |a 821.111(73)-31  |2 MRF 
080 |a 821-93  |2 MRF 
080 |a (0:82-312.9)  |2 MRF 
100 1 |a Riordan, Rick,  |d 1964-  |7 xx0103318  |4 aut 
245 1 0 |a Bohové Olympu.  |p Znamení Athény /  |c napsal Rick Riordan ; [z anglického originálu ... přeložila Dana Chodilová] 
246 3 0 |a Znamení Athény 
250 |a 1. vyd. 
260 |a Praha :  |b Fragment,  |c 2013 
300 |a 527 s. ;  |c 22 cm 
520 2 |a Chystá se velké setkání řeckých a římských polobohů. Posádka z Tábora polokrevných vyráží po moři na bitevním korábu Argo do Tábora Jupiter. Jejich plány však narušuje proroctví sedmi, které se začíná naplňovat. Skupina hrdinů se proto musí vydat do rodiště antických bohů, krajiny Mare Nostrum. Podaří se jim nalézt tajemná znamení bohyně Athény, která jim v boji proti zlu pomohou? Gaia, síla mocnější než všichni bohové, se dál probouzí a ohrožuje budoucnost civilizace. Čas ubíhá a posádka Arga se musí vydat do boje za záchranu lidstva... Nakladatelská anotace. 
520 2 |a Třetí díl nové řady volně navazující na sérii knih o Percy Jacksonovi. Řecký Tábor polokrevných se má setkat se svým římským protějškem. Dobrodružný fantasy příběh pro starší děti. 
521 8 |a Pro čtenáře od 11 let 
655 7 |a americké romány  |7 fd131796  |2 czenas 
655 7 |a fantasy romány  |7 fd184199  |2 czenas 
655 7 |a publikace pro mládež  |7 fd133157  |2 czenas 
655 9 |a American fiction  |2 eczenas 
655 9 |a fantasy novels  |2 eczenas 
655 9 |a juvenile literature  |2 eczenas 
765 0 |t Mark of Athena 
787 0 8 |i Z cyklu:  |t Bohové Olympu  |g 3 
900 |a ABA001  |b 18 
044 |a xr 
910 |a RBIT002 
998 |d 4926  |a https://core.palmknihy.cz/api/books/4926/cover?tfv9pm  |b https://core.palmknihy.cz/api/books/4926/cover/400?tfv9pm  |c https://core.palmknihy.cz/api/books/4926/cover/50?tfv9pm  |e 2026-08-09  |g 528  |i 9788025316948  |j https://core.palmknihy.cz/api/books/4926/preview.epub  |k https://core.palmknihy.cz/api/books/4926/preview.pdf  |l   |q 49  |r 1  |s https://www.palmknihy.cz/kniha/4926  |t ebook  |y 2013  |z 0  |v Bohové Olympu  |w 3 
999 |d 306052